Náhrada škody pri pracovných úrazoch a chorobách z povolania

Bibliographic Details
Main Authors: Týč, Jaroslav (Author), Týc, Jaroslav (Author)
Format: Book
Language:Slovak
PhysicalDescription:292 s., 21,51 AH Tb. 21 cm
Published: Bratislava Práca 1976
Edition:1. vyd.
Series:Knižnica mzdových a pracovnoprávnych príručiek práce Zv. 9/76.

MARC

LEADER 00000nam a2200000 a 4500
001 vtls001105226
003 SK-MaSNL
005 20260301001343.0
008 250414s1976 xo 0 slo
015 |a SNBA1977 
035 |a SNK000048068 
040 |a SNK  |b slo  |c SNK  |e AACR2 
041 0 |a slo 
044 |a xo  |c SK 
080 |a 331.823:351.83:614.8(094.56)  |2 1981 
080 |a 351.83  |2 1981 
080 |a 614.8(094.56)  |2 1981 
080 |a 614.8  |2 1981 
080 |a 331.823  |2 1981 
080 |a 351.83(094.56)  |2 1981 
100 1 |a Týč, Jaroslav  |4 aut  |9 279532 
245 1 0 |a Náhrada škody pri pracovných úrazoch a chorobách z povolania  |c Jaroslav TC ; Jaroslav Týc 
250 |a 1. vyd. 
260 |a Bratislava  |b Práca  |c 1976  |e Trnava  |f Polygrafické závody 
300 |a 292 s., 21,51 AH  |b Tb.  |c 21 cm 
366 |e 11000 výtl. 
490 0 |a Knižnica mzdových a pracovnoprávnych príručiek práce  |v Zv. 9/76. 
700 1 |a Týc, Jaroslav  |4 aut  |9 279533 
852 |a Slovenská národná knižnica 
954 |a úrazy pracovné  |a choroby z povolania 
958 |a OND 
958 |a TL 
999 |c 534722  |d 536652 
952 |a SNK  |b SNK  |y VYP  |7 0  |p 17A1075918  |o snkSC 40300 D1  |i snkKSP 1118/77  |0 0  |1 0  |4 0  |d 2014-09-05  |l 0  |r 2026-02-23 12:21:41  |w 2026-02-23